000 00511nam a2200181Ia 4500
003 GCL
008 140319s9999 xx 000 0 eng d
040 _aGCL /
_cGCL
082 0 4 _aREF
_b423
_bC C
100 1 _aCAMBRIYE UNIVERTITY
245 1 0 _aCAMBRIDGE INTERNATIONAL DICTIONARY OF ENGLISH /
_cCAMBRIYE UNIVERTITY
260 _a[S.N] :
_bCAMBRIBGE UNIVERSITY PRESS ،
_c1995
300 _a1773.P
650 0 4 _aENGLISH DICTIONARY
650 0 4 _aDICTIONARIES
650 0 4 _aENGLISH LANGUAGE
942 _2ddc
_cBK
999 _c12000
_d12000